Use su cabeza para variar: sub modalidades en Programación Neurolingüística

Збережено в:
Бібліографічні деталі
Автор: Bandler, Richard (autor)
Формат: Книга
Мова:Іспанська
Опубліковано: Santiago Cuatro Vientos 1985
Предмети:
Теги: Додати тег
Немає тегів, Будьте першим, хто поставить тег для цього запису!

MARC

LEADER 00000nam a2200000 a 4500
001 UCW6530
003 CL-VaPUC
008 920327e19850000CL |||||||||||||||||spa|d
082 0 4 |a 158.1  |b BAN  |2 21 
100 |a Bandler, Richard  |e autor  |9 311558 
245 1 0 |a Use su cabeza para variar: sub modalidades en Programación Neurolingüística 
300 |a 141 p 
942 |c BK 
945 |d 19920327 00:00:00  |a rbrito 
260 |a Santiago  |b Cuatro Vientos  |c 1985 
650 0 |a Programación neurolingüística (PNL)  |9 311559 
650 0 |a Psicolingüística   |9 283371 
583 |a last modification  |c 19920327 00:00:00  |k Rodrigo Vera 
999 |c 219560  |d 219558 
952 |0 0  |1 0  |4 0  |6 158_100000000000000_BAN_1985  |7 0  |8 A  |9 210625  |a BIBEDU  |b BIBEDU  |d 2019-11-15  |i 2787768  |o 158.1 BAN 1985  |p 2787768  |r 2019-11-15  |w 2019-11-15  |y BK  |k EDU 
952 |0 0  |1 0  |4 0  |6 158_100000000000000_BAN_1985  |7 0  |8 A  |9 210627  |a BIBEDU  |b BIBEDU  |d 2019-11-15  |i 2787784  |o 158.1 BAN 1985  |p 2787784  |r 2019-11-15  |w 2019-11-15  |y BK  |k EDU 
952 |0 0  |1 0  |4 0  |6 158_100000000000000_BAN_1985  |7 0  |8 A  |9 210628  |a BIBEDU  |b BIBEDU  |d 2019-11-15  |i 2974894  |o 158.1 BAN 1985  |p 2974894  |r 2019-11-15  |w 2019-11-15  |y BK  |k PSI